La Sansa com adob / per August Matons...
Descripción Física:
11 p. ; 21 cm
Otros Autores:
Catalunya. Mancomunitat. Servei d'Arbres Fruiters
Materias:
Adobs
MARC
| LEADER | 00000nam a2200000Ia 4500 | ||
|---|---|---|---|
| 001 | 2203 | ||
| 008 | 160829s1923 xx 000 0 cat d | ||
| 080 | |a RF-3-68 | ||
| 100 | |a Matons, August |9 20130 | ||
| 245 | |a La Sansa com adob / per August Matons... | ||
| 260 | |a Barcelona : |b Mancomunitat de Catalunya. Servei d'Arbres Fruiters, |c 1923 | ||
| 300 | |a 11 p. ; |c 21 cm | ||
| 490 | |a Publicacions divulgadores dels Serveis Tècnics d'Agricultura | ||
| 590 | |a Hi ha un duplicat a: DUP-290 | ||
| 650 | |a Adobs |9 33470 | ||
| 700 | |a Catalunya. Mancomunitat. Servei d'Arbres Fruiters |9 20132 | ||
| 856 | 4 | |u https://media.diba.cat/diba/fitxers/arxiu/fulletons/bib_2203_1923_baixa.pdf |y Accés lliure | |
| 856 | 4 | |u https://media.diba.cat/diba/fitxers/arxiu/fulletons/bib_2203_1923_baixa.pdf |y Accés lliure | |
| 901 | |a Arxiu | ||
| 942 | |n 1 |2 udc | ||
| 952 | |0 0 |1 0 |4 0 |6 RF368 |7 1 |9 43275 |a Arxiu |b Arxiu |d 2016-12-01 |l 0 |o RF-3-68 |p 2203 |r 2016-12-01 00:00:00 |w 2016-12-01 |y ARXIU | ||
| 999 | |c 45820 |d 45820 | ||
| 900 | |a bib_2203_1923_baixa.pdf | ||